| 000 | 00747nam a2200229 a 4500 | ||
|---|---|---|---|
| 003 | CHAP | ||
| 005 | 20240401145219.0 | ||
| 006 | a|||||r|||| 00| 0 | ||
| 007 | ta | ||
| 008 | 240401s2011 xxkad|||r|||| 001 0 eng d | ||
| 020 |
_a978-08138-1791-0 _q(tapa dura: papel alcalino) |
||
| 020 |
_a0-8138-1791-9 _q(encuadernado entela : papel alcalino) |
||
| 040 |
_aZ _cCHAP _erda |
||
| 082 | 0 | 0 |
_a636.089/2398 _bM _220 |
| 245 |
_aMethods in animal proteomics / _ceditores, P. David Eckersall y Phillip D. Whitfield |
||
| 264 | 1 |
_aChichester, West Sussex : _bWiley-Blackwell, _c2011 |
|
| 336 |
_2rdacontent _atexto _btxt |
||
| 337 |
_2rdamedia _asin medio _bn |
||
| 338 |
_2rdacarrier _avolumen _bnc |
||
| 534 | _pTÃtulo original: | ||
| 942 |
_2ddc _cLIBRO |
||
| 999 |
_c219827 _d219827 |
||